000 00765nam a2200253Ia 4500
003 OSt
005 20220926015309.0
006 a|||||r|||| 00| 0
007 ta
008 220923b |||||||| |||| 00| 0 eng d
020 _a9780199572823
_c495
037 _b001/2012-13, 06/06/2012, PIONEER BOOK DISTRIBUTORS
_cGeneral Book
040 _aRTL
_cRTL
_beng
041 _2eng
_aeng
082 _aW, Q2
100 _aMckinnon Catriona
_9279150
245 0 _aIssues in political theory
250 _a2nd
260 _aNew York
_bOxford University Press
_c2012
300 _axiv,379p.
_ccm.
650 _aSociology
942 _hW, Q2
_cGB
_2CC
999 _c630999
_d630999